UBT Library

REGJISTRI I BARNAVE (Record no. 38250)

000 -LEADER
fixed length control field 00288nam a22001337a 4500
008 - FIXED-LENGTH DATA ELEMENTS--GENERAL INFORMATION
fixed length control field 171108b xxu||||| |||| 00| 0 eng d
020 ## - INTERNATIONAL STANDARD BOOK NUMBER
International Standard Book Number 9789951589017
041 ## - LANGUAGE CODE
Language code of text/sound track or separate title alb
080 ## - UNIVERSAL DECIMAL CLASSIFICATION NUMBER
Universal Decimal Classification number 618.2
100 ## - Rafti
Rafti 02
101 ## - Shkurtesa
Shkurtesa FAR
245 ## - TITLE STATEMENT
Title REGJISTRI I BARNAVE
Statement of responsibility, etc HOXHA,R
942 ## - ADDED ENTRY ELEMENTS (KOHA)
Source of classification or shelving scheme
Item type Books
Holdings
Withdrawn status Lost status Source of classification or shelving scheme Damaged status Not for loan Collection code Permanent location Current location Shelving location Date acquired Total Checkouts Full call number Barcode Date last seen Price effective from Koha item type Checked out Date last borrowed
          Koleksioni i përgjithshem UBT - Lipjan UBT - Lipjan Koleksioni i përgjithshem 11/08/2017   618.2 HOX 002-2937671 11/08/2017 11/08/2017 Books    
          Koleksioni i përgjithshem UBT - Lipjan UBT - Lipjan Koleksioni i përgjithshem 11/08/2017 1 618.2 HOX 002-2937676 01/09/2019 11/08/2017 Books 01/16/2019 01/09/2019
          Koleksioni i përgjithshem UBT - Lipjan UBT - Lipjan Koleksioni i përgjithshem 11/08/2017   618.2 HOX 002-2937681 11/08/2017 11/08/2017 Books    
          Koleksioni i përgjithshem UBT - Lipjan UBT - Lipjan Koleksioni i përgjithshem 11/08/2017   618.2 HOX 002-2937685 11/08/2017 11/08/2017 Books    
          Koleksioni i përgjithshem UBT - Lipjan UBT - Lipjan Koleksioni i përgjithshem 11/08/2017   618.2 HOX 002-2937680 11/08/2017 11/08/2017 Books    
UBT Library © 2015-2024. All rights reserved University Education for Business and Technology